000 00915nam a22002657a 4500
005 20170124105927.0
010 _aA-936256
020 _c00
_a0195645510
035 h _aA-936256
037 _bCen Lib/Ret
040 _aDPL
_bEN
082 _a330.954
_bJOS
100 _aJoshi, Vijay
_96844
245 _aIndia :
_cby Vijay Joshi
_bmicroeconomics and political economy 1964-1991 /
246 _b
260 _bOxford University Press
_c1994
_aNew Delhi
270 _bNew Delhi
_aYMCA, library building, jasingh road
_e110001
300 _axviii, 397p.
_c20cm(Hb)
500 _aIncludes bibliographical references and index
650 _aMicroeconomic history
_zIndia
_96845
650 _aPolicies
_96846
650 _a माइक्रो आर्थिक इतिहास
_z भारत
_96847
650 _a नीतियाँ
_962408
942 _2ddc
_cEN
_h330.954
_mJOS
999 _c123555
_d123555